000 00779nam a22001457a 4500
005 20260124092856.0
008 230712b ||||| |||| 00| 0 eng d
040 _cSSBUL
_dSSBUL
082 _223
_a၃၂၈.၅၉၁ ပြည် ၁၆၀၉၉ (S-SAT)
245 _aပြည်သူ့လွှတ်တော်ကိုယ်စားလှယ်များ၏ဆွေးနွေးတင်ပြချက်များအပေါ် နိုင်ငံတော်ကောင်စီနှင့်.. /
300 _a၁၂၃ စာမျက်နှာ၊
_c၂၄ စင်တီ။
500 _aS-SAT: Dr. Prof Sai Aung Tun
650 _aမြန်မာနိုင်ငံပြည်သူ့လွှတ်တော်။
_927829
942 _2ddc
_cBK1
999 _c27091
_d27091